You Can Manage Your Time Better (Record no. 369302)
[ view plain ]
| 000 -LEADER | |
|---|---|
| fixed length control field | 01093 a2200157 4500 |
| 003 - CONTROL NUMBER IDENTIFIER | |
| control field | OSt |
| 005 - DATE AND TIME OF LATEST TRANSACTION | |
| control field | 20251209150139.0 |
| 008 - FIXED-LENGTH DATA ELEMENTS--GENERAL INFORMATION | |
| fixed length control field | 251209b |||||||| |||| 00| 0 eng d |
| 020 ## - INTERNATIONAL STANDARD BOOK NUMBER | |
| International Standard Book Number | 9788119727100 |
| 100 ## - MAIN ENTRY--PERSONAL NAME | |
| Personal name | MacDonald L. |
| 9 (RLIN) | 215682 |
| 245 ## - TITLE STATEMENT | |
| Title | You Can Manage Your Time Better |
| 260 ## - PUBLICATION, DISTRIBUTION, ETC. (IMPRINT) | |
| Name of publisher, distributor, etc. | Embassy Books |
| Date of publication, distribution, etc. | 2025 |
| Place of publication, distribution, etc. | USA |
| 300 ## - PHYSICAL DESCRIPTION | |
| Extent | 156pp |
| 520 ## - SUMMARY, ETC. | |
| Summary, etc. | MASTER SIMPLE STRATEGIES TO REDUCESTRESS, BEAT PROCRASTINATION, AND MAKE TIME FOR WHAT TRULY MATTERS<br/><br/>Everyday life often feels like a race against time—overloaded to-do lists, overflowing inboxes, and constant pressure. We get so caught up in past regrets and future worries that we forget to enjoy the present. You Can Manage Your Time Better offers practical tools to help you take back control.<br/><br/>Stress and anger management expert Lucy MacDonald shares over 25 step-by-step exercises to defeat procrastination, clarify priorities, de-clutter your life, and find balance. With tailored advice for parents, students, and professionals, this empowering guide helps you reclaim your time—and your peace of mind. |
| 942 ## - ADDED ENTRY ELEMENTS (KOHA) | |
| Koha item type | Books |
| Source of classification or shelving scheme | Dewey Decimal Classification |
| Withdrawn status | Lost status | Source of classification or shelving scheme | Damaged status | Not for loan | Collection code | Home library | Current library | Date acquired | Vendor | Cost, normal purchase price | Total Checkouts | Total Renewals | Barcode | Date last seen | Date last checked out | Cost, replacement price | Bill Date | Koha item type | Original Barcode |
|---|---|---|---|---|---|---|---|---|---|---|---|---|---|---|---|---|---|---|---|
| Dewey Decimal Classification | MCA | MKSSS s K.B. Joshi Institute of Information Technology Library | MKSSS s K.B. Joshi Institute of Information Technology Library | 06/12/2025 | 8 | 221.25 | 3 | 1 | KBJP-BK-2897 | 16/03/2026 | 26/02/2026 | 295.00 | 06/12/2025 | Books | 2897 |